000 00447nam a2200157Ia 4500
003 GCL
008 140319s9999 xx 000 0 eng d
040 _aGCL /
_cGCL
082 0 4 _a128
_bF I
100 1 _aFRANKFURT, HARRY G.
245 1 0 _aTHE IMPORTANCE OF WHAT WE CARE ABOUT: PHILOSOPHCAL ESSAYS /
_cFRANKFURT, HARRY G.
260 _a[S.N] :
_bCAMBRIBGE UNIVERSITY PRESS ،
_c1988
300 _a189 P
650 0 4 _aPHILOSOPHY
942 _2ddc
_cBK
999 _c20945
_d20945